[Event "Muensterland Verbandsklasse playoff 5-8"]
[Site "Germany"]
[Date "2023.04.22"]
[Round "2.8"]
[White "Goihl, Herbert"]
[Black "Larrass, Ingolf"]
[Result "0-1"]
[WhiteElo "1556"]
[BlackElo "1628"]
[PlyCount "108"]
[EventDate "2023.03.11"]
[EventType "team-k.o."]
[EventRounds "2"]
[EventCountry "GER"]
[SourceTitle "EXT 2024"]
[Source "ChessBase"]
[SourceDate "2023.10.10"]
[SourceVersion "1"]
[SourceVersionDate "2023.10.10"]
[SourceQuality "1"]
[WhiteTeam "Reckenfeld"]
[BlackTeam "Bocholt II"]
[WhiteTeamCountry "GER"]
[BlackTeamCountry "GER"]

1. c4 Nf6 2. g3 d5 3. cxd5 Nxd5 4. Bg2 c5 5. Nf3 g6 6. Nc3 Nxc3 7. bxc3 Bg7 8. Rb1 0-0 9. 0-0 Qc7 10. d4 Bf5 11. Bf4 Qc8 12. Rc1 Be4 13. Qa4 Nd7 14. Rfd1 Nb6 15. Qb3 c4 16. Qb5 Nd5 17. Bd2 a6 18. Qb2 Qc7 19. Ng5 Bxg2 20. Kxg2 e5 21. e4 Ne7 22. Be3 h6 23. Nf3 f5 24. exf5 Qc6 25. Qe2 Rxf5 26. g4 Rf7 27. Kg3 Qe4 28. Nd2 Qc6 29. Qxc4 Rc8 30. Qxc6 Nxc6 31. d5 Na5 32. c4 Bf8 33. Bb6 Bb4 34. Bxa5 Bxa5 35. Ne4 Rcf8 36. d6 Rf4 37. Nc5 Rf3+ 38. Kg2 Rxf2+ 39. Kh1 Rxa2 40. Ra1 Rxa1 41. Rxa1 b6 42. Ne6 Rf7 43. Rd1 Rd7 44. c5 bxc5 45. Nxc5 Ra7 46. d7 Bd8 47. Rd6 Kf7 48. Re6 Rxd7 49. Nxd7 Kxe6 50. Nc5+ Kd5 51. Nxa6 Ba5 52. Kg2 Ke4 53. Nc5+ Ke3 54. Kf1 Kf3 0-1

[Event "Steinfurt Bezirksliga 1112"]
[Site "Germany"]
[Date "2012.03.31"]
[Round "7.6"]
[White "Bartsch, Jan"]
[Black "Goihl, Herbert"]
[Result "1/2-1/2"]
[WhiteElo "1559"]
[BlackElo "1641"]
[PlyCount "116"]
[EventDate "2011.10.01"]
[EventType "team-tourn"]
[EventRounds "9"]
[EventCountry "GER"]
[SourceTitle "EXT 2013"]
[Source "ChessBase"]
[SourceDate "2012.11.22"]
[SourceVersion "1"]
[SourceVersionDate "2012.11.22"]
[SourceQuality "1"]
[WhiteTeam "Saerbeck II"]
[BlackTeam "Emsdetten Rochade II"]
[WhiteTeamCountry "GER"]
[BlackTeamCountry "GER"]

1. e4 c5 2. Nf3 d6 3. Bb5+ Bd7 4. Bxd7+ Qxd7 5. 0-0 Nc6 6. c3 Nf6 7. Re1 e6 8. d4 d5 9. exd5 Qxd5 10. Be3 Rd8 11. Qb3 Qxb3 12. axb3 cxd4 13. Nxd4 Nxd4 14. Bxd4 a6 15. Na3 Be7 16. Nc4 0-0 17. Bb6 Rd7 18. Rad1 Rxd1 19. Rxd1 Nd5 20. Kf1 Nxb6 21. Nxb6 Rd8 22. Rxd8+ Bxd8 23. Nd7 a5 24. Ke2 f6 25. Nc5 b6 26. Nxe6 Be7 27. Nf4 Kf7 28. f3 f5 29. h3 g5 30. Nd5 Bd8 31. Kd3 Ke6 32. Kd4 Kd6 33. Ne3 Bf6+ 34. Kc4 f4 35. Ng4 Bd8 36. Kb5 Kd5 37. Nf2 h5 38. Nd3 Bc7 39. b4 a4 40. Kxa4 Kc4 41. Nc1 Be5 42. Ka3 b5 43. Ka2 Bxc3 44. bxc3 Kxc3 45. Ka3 Kd2 46. Nb3+ Ke3 47. Nc5 Kf2 48. Ne4+ Kxg2 49. Nxg5 Kg3 50. Kb3 Kh4 51. Ne6 Kg3 52. Kc3 Kxf3 53. Kd4 Kg3 54. Kc5 f3 55. Ng5 h4 56. Kxb5 Kg2 57. Nxf3 Kxf3 58. Kc4 Kg3 1/2-1/2

[Event "Steinfurt Bezirksliga 1112"]
[Site "Germany"]
[Date "2012.03.03"]
[Round "6.5"]
[White "Peters, Tobias1"]
[Black "Goihl, Herbert"]
[Result "1-0"]
[WhiteElo "1444"]
[BlackElo "1641"]
[PlyCount "72"]
[EventDate "2011.10.01"]
[EventType "team-tourn"]
[EventRounds "9"]
[EventCountry "GER"]
[SourceTitle "EXT 2013"]
[Source "ChessBase"]
[SourceDate "2012.11.22"]
[SourceVersion "1"]
[SourceVersionDate "2012.11.22"]
[SourceQuality "1"]
[WhiteTeam "Rheine SG"]
[BlackTeam "Emsdetten Rochade II"]
[WhiteTeamCountry "GER"]
[BlackTeamCountry "GER"]

1. e4 c5 2. Nf3 d6 3. d4 cxd4 4. Nxd4 Nf6 5. Nc3 a6 6. f3 e5 7. Nb3 Be6 8. Bg5 Be7 9. Qd2 Nbd7 10. 0-0-0 Rc8 11. g4 Qc7 12. Bxf6 Nxf6 13. g5 Nh5 14. h4 Nf4 15. Kb1 0-0 16. Nd5 Bxd5 17. exd5 f5 18. gxf6 Rxf6 19. c3 Rcf8 20. h5 Rh6 21. Bg2 Bg5 22. Qc2 Qf7 23. Rdg1 Bd8 24. Nd2 Rxh5 25. Rxh5 Qxh5 26. Ne4 Be7 27. Rh1 Qg6 28. Bh3 b5 29. Bg4 Kh8 30. Qh2 h6 31. Rg1 Bg5 32. Ka1 Kg8 33. Nxg5 hxg5 34. Rh1 Kf7 35. Qf2 Kg8 36. Qb6 Qc2 1-0

[Event "Steinfurt Bezirksliga 1112"]
[Site "Germany"]
[Date "2012.01.07"]
[Round "4.6"]
[White "Kroeger, Ralf"]
[Black "Goihl, Herbert"]
[Result "0-1"]
[WhiteElo "1473"]
[BlackElo "1641"]
[PlyCount "76"]
[EventDate "2011.10.01"]
[EventType "team-tourn"]
[EventRounds "9"]
[EventCountry "GER"]
[SourceTitle "EXT 2013"]
[Source "ChessBase"]
[SourceDate "2012.11.22"]
[SourceVersion "1"]
[SourceVersionDate "2012.11.22"]
[SourceQuality "1"]
[WhiteTeam "Steinfurt II"]
[BlackTeam "Emsdetten Rochade II"]
[WhiteTeamCountry "GER"]
[BlackTeamCountry "GER"]

1. d4 Nf6 2. c4 e6 3. Nc3 Bb4 4. Bd2 b6 5. Nf3 Bb7 6. e3 0-0 7. Bd3 d5 8. 0-0 dxc4 9. Bxc4 c5 10. dxc5 Bxc5 11. Qc2 Nc6 12. a3 Rc8 13. Bd3 Bd6 14. Rac1 Ne5 15. Nxe5 Bxe5 16. Rfd1 Qe7 17. Qa4 Rfd8 18. Bc2 Bc6 19. Qh4 Qb7 20. f3 Bd6 21. b4 a6 22. Ne2 Be7 23. Qh3 h6 24. e4 Bf8 25. Be3 a5 26. e5 Nd5 27. Bxh6 gxh6 28. Qg4+ Bg7 29. Ng3 Ne3 30. Rxd8+ Rxd8 31. Qf4 Nxc2 32. Rxc2 Bb5 33. Nh5 Qe7 34. Nxg7 Kxg7 35. Qe3 Rd1+ 36. Kf2 Rf1+ 37. Kg3 Qg5+ 38. Qxg5+ hxg5 0-1

[Event "Steinfurt Bezirksliga 1112"]
[Site "Germany"]
[Date "2011.11.26"]
[Round "3.5"]
[White "Niedenzu, Gerhard"]
[Black "Goihl, Herbert"]
[Result "1/2-1/2"]
[WhiteElo "1459"]
[BlackElo "1641"]
[PlyCount "56"]
[EventDate "2011.10.01"]
[EventType "team-tourn"]
[EventRounds "9"]
[EventCountry "GER"]
[SourceTitle "EXT 2013"]
[Source "ChessBase"]
[SourceDate "2012.11.22"]
[SourceVersion "1"]
[SourceVersionDate "2012.11.22"]
[SourceQuality "1"]
[WhiteTeam "Ibbenbueren II"]
[BlackTeam "Emsdetten Rochade II"]
[WhiteTeamCountry "GER"]
[BlackTeamCountry "GER"]

1. e4 c5 2. Nf3 d6 3. c3 Nf6 4. Be2 Nc6 5. d3 e6 6. Be3 Be7 7. 0-0 0-0 8. Nbd2 Ng4 9. Bf4 e5 10. Bg3 Be6 11. h3 Nh6 12. Re1 f5 13. exf5 Nxf5 14. Bh2 Qe8 15. Ne4 Qg6 16. Kh1 Rad8 17. Qc2 Qh6 18. Qd2 Qg6 19. a3 Na5 20. Bd1 Nc6 21. c4 Ncd4 22. b4 Nxf3 23. Bxf3 Nd4 24. Bd1 b6 25. Bg3 Nf5 26. Bh2 Nd4 27. Bg3 Nf5 28. Bh2 Nd4 1/2-1/2

[Event "Steinfurt Bezirksliga 1011"]
[Site "Germany"]
[Date "2011.04.16"]
[Round "8.4"]
[White "Miethe, Christoph"]
[Black "Goihl, Herbert"]
[Result "0-1"]
[WhiteElo "1663"]
[BlackElo "1638"]
[PlyCount "86"]
[EventDate "2010.10.02"]
[EventType "team-tourn"]
[EventRounds "9"]
[EventCountry "GER"]
[SourceTitle "EXT 2012"]
[Source "ChessBase"]
[SourceDate "2011.11.24"]
[SourceVersion "1"]
[SourceVersionDate "2011.11.24"]
[SourceQuality "1"]
[WhiteTeam "Neuenkirchen II"]
[BlackTeam "Emsdetten Rochade II"]
[WhiteTeamCountry "GER"]
[BlackTeamCountry "GER"]

1. e4 c5 2. c3 d5 3. exd5 Qxd5 4. d4 Nf6 5. Nf3 e6 6. Be2 Be7 7. 0-0 0-0 8. c4 Qd8 9. Nc3 cxd4 10. Nxd4 e5 11. Nf3 Nc6 12. Nd5 Be6 13. Nxe7+ Qxe7 14. b3 Rfd8 15. Qc2 e4 16. Nd2 Bf5 17. Bb2 Nd4 18. Bxd4 Rxd4 19. Qc3 Rad8 20. Rfd1 Bg4 21. Bxg4 Nxg4 22. h3 Rd3 23. Qc2 Nxf2 24. Kxf2 e3+ 25. Kg1 Rxd2 26. Rxd2 exd2 27. Rd1 Qe1+ 28. Kh2 Qe2 29. c5 h5 30. b4 h4 31. a4 Rd5 32. c6 bxc6 33. Qxc6 Qxd1 34. Qxd5 Qe1 35. Qd8+ Kh7 36. Qd3+ g6 37. Qd5 d1Q 38. Qxf7+ Kh6 39. Qf8+ Kg5 40. Qc5+ Kf4 41. Qc4+ Qe4 42. Qf7+ Ke3 43. Qxa7+ Qdd4 0-1

[Event "Muensterland Verbandsklasse-B 0910"]
[Site "Germany"]
[Date "2010.02.20"]
[Round "7.7"]
[White "Goihl, Herbert"]
[Black "Keller, Hansjuergen"]
[Result "1/2-1/2"]
[WhiteElo "1698"]
[BlackElo "1603"]
[PlyCount "134"]
[EventDate "2009.09.19"]
[EventType "team-tourn"]
[EventRounds "9"]
[EventCountry "GER"]
[SourceTitle "EXT 2011"]
[Source "ChessBase"]
[SourceDate "2010.11.26"]
[SourceVersion "1"]
[SourceVersionDate "2010.11.26"]
[SourceQuality "1"]
[WhiteTeam "Emsdetten Rochade"]
[BlackTeam "Nordwalde"]
[WhiteTeamCountry "GER"]
[BlackTeamCountry "GER"]

1. c4 e5 2. g3 Nf6 3. Bg2 d5 4. cxd5 Nxd5 5. Nc3 Nb6 6. Nf3 Nc6 7. d3 Be7 8. a3 a5 9. b3 0-0 10. Bb2 f5 11. 0-0 Bf6 12. e3 Be6 13. Qc2 Qd7 14. Rad1 Qf7 15. Nd2 Rfd8 16. Ne2 Rd6 17. Nc4 Nxc4 18. dxc4 Rad8 19. Rxd6 Rxd6 20. Rd1 Qd7 21. Rxd6 Qxd6 22. Nc3 Nd8 23. Nd5 c6 24. Nxf6+ gxf6 25. Kf1 Bf7 26. Ke1 Bg6 27. Qd2 Qxd2+ 28. Kxd2 c5 29. Bc3 b6 30. f4 exf4 31. Bxf6 fxe3+ 32. Kxe3 Nf7 33. Bd5 Kf8 34. Bxf7 Kxf7 35. Bd8 f4+ 36. Kxf4 Bc2 37. Bxb6 Bxb3 38. Bxa5 Bxc4 39. Bb6 Bd3 40. Bxc5 Kg6 41. a4 h5 42. a5 Bf1 43. Be3 Be2 44. Ke5 Kf7 45. Kf5 Bd3+ 46. Kg5 Be2 47. a6 Bxa6 48. Kxh5 Be2+ 49. g4 Kg7 50. Kg5 Kh7 51. h4 Bd1 52. h5 Be2 53. Kh4 Bd1 54. g5 Bc2 55. Kg3 Bd1 56. g6+ Kg7 57. Kh4 Kf6 58. Bd4+ Kf5 59. g7 Bb3 60. Be3 Bg8 61. Kg3 Bh7 62. Kf3 Bg8 63. Bd2 Bh7 64. Ke3 Bg8 65. Kd4 Kf6 66. Bh6 Bh7 67. Kd5 Kf7 1/2-1/2

[Event "Muensterland Verbandsklasse-B 0910"]
[Site "Germany"]
[Date "2009.10.24"]
[Round "2.7"]
[White "Goihl, Herbert"]
[Black "Blanke, Martin"]
[Result "1-0"]
[WhiteElo "1698"]
[BlackElo "1694"]
[PlyCount "55"]
[EventDate "2009.09.19"]
[EventType "team-tourn"]
[EventRounds "9"]
[EventCountry "GER"]
[SourceTitle "EXT 2011"]
[Source "ChessBase"]
[SourceDate "2010.11.26"]
[SourceVersion "1"]
[SourceVersionDate "2010.11.26"]
[SourceQuality "1"]
[WhiteTeam "Emsdetten Rochade"]
[BlackTeam "Metelen"]
[WhiteTeamCountry "GER"]
[BlackTeamCountry "GER"]

1. c4 e5 2. g3 g6 3. Bg2 Bg7 4. Nc3 c6 5. e4 Ne7 6. Nge2 0-0 7. 0-0 f5 8. d3 d6 9. f4 fxe4 10. dxe4 Be6 11. b3 Na6 12. Be3 Nc7 13. Rc1 d5 14. cxd5 cxd5 15. exd5 Ncxd5 16. Nxd5 Nxd5 17. Bc5 Rf7 18. fxe5 Rxf1+ 19. Qxf1 Bxe5 20. Rd1 b6 21. Bd4 Qd6 22. Qf3 Rd8 23. Bxe5 Qxe5 24. Nf4 Rf8 25. Rxd5 Qe1+ 26. Qf1 Qxf1+ 27. Kxf1 Rxf4+ 28. gxf4 1-0

[Event "Muensterland Verbandsklasse-A 0809"]
[Site "Germany"]
[Date "2008.11.08"]
[Round "3.7"]
[White "Hofene, Josef"]
[Black "Goihl, Herbert"]
[Result "1/2-1/2"]
[WhiteElo "1684"]
[BlackElo "1663"]
[PlyCount "35"]
[EventDate "2008.09.13"]
[EventType "tourn"]
[EventRounds "9"]
[EventCountry "GER"]
[SourceTitle "EXT 2010"]
[Source "ChessBase"]
[SourceDate "2010.11.25"]
[SourceVersion "1"]
[SourceVersionDate "2010.11.25"]
[SourceQuality "1"]
[WhiteTeam "Beelen"]
[BlackTeam "Emsdetten Rochade"]
[WhiteTeamCountry "GER"]
[BlackTeamCountry "GER"]

1. e4 c5 2. c3 d5 3. exd5 Qxd5 4. d4 Nf6 5. Nf3 e6 6. Be2 Be7 7. 0-0 0-0 8. Na3 a6 9. Nc2 cxd4 10. Nfxd4 e5 11. Ne3 Qd8 12. Nf3 Nc6 13. Nc4 Qc7 14. Be3 b5 15. Nb6 Rb8 16. Nxc8 Rbxc8 17. h3 Rfd8 18. Qe1 1/2-1/2

[Event "Steinfurt Bezirksliga 0708"]
[Site "Germany"]
[Date "2008.03.15"]
[Round "7.5"]
[White "Goihl, Herbert"]
[Black "Niedenzu, Gerhard"]
[Result "1-0"]
[WhiteElo "1674"]
[BlackElo "1502"]
[PlyCount "109"]
[EventDate "2007.09.22"]
[EventType "team-tourn"]
[EventRounds "9"]
[EventCountry "GER"]
[SourceTitle "EXT 2009"]
[Source "ChessBase"]
[SourceDate "2008.11.26"]
[SourceVersion "1"]
[SourceVersionDate "2008.11.26"]
[SourceQuality "1"]
[WhiteTeam "Emsdetten Rochade II"]
[BlackTeam "Ibbenbueren II"]
[WhiteTeamCountry "GER"]
[BlackTeamCountry "GER"]

1. c4 e5 2. g3 d6 3. Bg2 c6 4. Nc3 Nf6 5. d4 exd4 6. Qxd4 Be6 7. Nf3 Be7 8. 0-0 0-0 9. e4 Nbd7 10. h3 h6 11. Be3 Qc8 12. Kh2 Nb6 13. b3 Rd8 14. Rac1 Qd7 15. Rfd1 d5 16. cxd5 cxd5 17. e5 Nh7 18. Ne2 Rac8 19. Rxc8 Rxc8 20. Qd2 Bc5 21. Ned4 Bxd4 22. Nxd4 Nf8 23. f4 Ra8 24. Rf1 Qe8 25. f5 Bd7 26. Bf4 Nh7 27. h4 f6 28. e6 Bc6 29. Re1 Qe7 30. Bf3 Be8 31. Rc1 Rc8 32. Rxc8 Nxc8 33. Bxd5 b6 34. Nc6 Bxc6 35. Bxc6 Nf8 36. Bd7 Qd8 37. Bxc8 Qxc8 38. Qd5 Kh7 39. e7 Nd7 40. Qf7 Qc2+ 41. Kh3 Qxf5+ 42. Kg2 Qc2+ 43. Kf3 Qd3+ 44. Kf2 Qc2+ 45. Ke1 Qe4+ 46. Kd1 Qd3+ 47. Kc1 Qc3+ 48. Kd1 Qd3+ 49. Kc1 Qc3+ 50. Kb1 Qd3+ 51. Kb2 Qd4+ 52. Ka3 Qc5+ 53. b4 Qc3+ 54. Qb3 Qe1 55. Qe3 1-0

[Event "Steinfurt Bezirksliga 0708"]
[Site "Germany"]
[Date "2007.12.01"]
[Round "4.5"]
[White "Goihl, Herbert"]
[Black "Wilde, Juergen"]
[Result "1/2-1/2"]
[WhiteElo "1674"]
[BlackElo "1597"]
[PlyCount "105"]
[EventDate "2007.09.22"]
[EventType "team-tourn"]
[EventRounds "9"]
[EventCountry "GER"]
[SourceTitle "EXT 2009"]
[Source "ChessBase"]
[SourceDate "2008.11.26"]
[SourceVersion "1"]
[SourceVersionDate "2008.11.26"]
[SourceQuality "1"]
[WhiteTeam "Emsdetten Rochade II"]
[BlackTeam "Rheine Klein Berlin II"]
[WhiteTeamCountry "GER"]
[BlackTeamCountry "GER"]

1. c4 f5 2. Nc3 Nf6 3. g3 e6 4. Bg2 Bb4 5. a3 Bxc3 6. bxc3 d5 7. cxd5 exd5 8. d3 0-0 9. Rb1 c6 10. Nf3 Qa5 11. Qb3 Nbd7 12. 0-0 Kh8 13. Bd2 Nc5 14. Qb4 Qxb4 15. axb4 Ncd7 16. b5 cxb5 17. Rxb5 a6 18. Rb4 Re8 19. Re1 Ne5 20. Nxe5 Rxe5 21. Bg5 a5 22. Bxf6 gxf6 23. Rb5 a4 24. e3 d4 25. Rxe5 fxe5 26. cxd4 exd4 27. exd4 a3 28. Bd5 Kg7 29. Kf1 Ra5 30. Ba2 Rb5 31. d5 Kf6 32. Bc4 Ra5 33. Ke2 Bd7 34. Kd2 b5 35. Ba2 b4 36. Rb1 Rb5 37. Ke3 Rb8 38. Bb3 Ke5 39. f4+ Kd6 40. Kd4 h5 41. Kc4 Bb5+ 42. Kd4 Rc8 43. Bc4 Bxc4 44. dxc4 a2 45. Ra1 b3 46. Kc3 Rb8 47. Kb2 Kc5 48. Rd1 Kxc4 49. d6 Rd8 50. d7 Kc5 51. Kxb3 Rxd7 52. Rc1+ Kb5 53. Kxa2 1/2-1/2

[Event "Steinfurt Bezirksliga 0708"]
[Site "Germany"]
[Date "2007.09.22"]
[Round "1.5"]
[White "Sowa, Rudolf"]
[Black "Goihl, Herbert"]
[Result "1/2-1/2"]
[WhiteElo "1587"]
[BlackElo "1674"]
[PlyCount "81"]
[EventDate "2007.09.22"]
[EventType "team-tourn"]
[EventRounds "9"]
[EventCountry "GER"]
[SourceTitle "EXT 2009"]
[Source "ChessBase"]
[SourceDate "2008.11.26"]
[SourceVersion "1"]
[SourceVersionDate "2008.11.26"]
[SourceQuality "1"]
[WhiteTeam "Emsdetten Rochade III"]
[BlackTeam "Emsdetten Rochade II"]
[WhiteTeamCountry "GER"]
[BlackTeamCountry "GER"]

1. e4 c5 2. Nf3 d6 3. Be2 Nf6 4. c3 e6 5. 0-0 Nc6 6. d3 Be7 7. Bg5 h6 8. Bxf6 Bxf6 9. Nbd2 0-0 10. Qc2 d5 11. exd5 exd5 12. Rfe1 Re8 13. Nf1 Be6 14. Ng3 Rc8 15. Rac1 d4 16. c4 Be7 17. a3 Qc7 18. Bf1 Bd6 19. Ne4 Bf5 20. Nxd6 Qxd6 21. Qd2 Qf6 22. Qf4 g5 23. Qg3 Qg7 24. Rxe8+ Rxe8 25. Qd6 Qf8 26. Qf6 Bg6 27. Re1 Rxe1 28. Nxe1 Qd8 29. Qxd8+ Nxd8 30. b4 b6 31. g3 Nc6 32. bxc5 bxc5 33. Kg2 f6 34. f4 Kf7 35. Kf3 Ne7 36. g4 f5 37. Kg3 Kf6 38. Nf3 Nc6 39. h4 gxf4+ 40. Kxf4 fxg4 41. Kxg4 1/2-1/2

[Event "Steinfurt Bezirksliga 0506"]
[Site "Germany"]
[Date "2005.10.29"]
[Round "2.2"]
[White "Goihl, Herbert"]
[Black "Boerger, Andreas1"]
[Result "1-0"]
[WhiteElo "1753"]
[BlackElo "1631"]
[PlyCount "105"]
[EventDate "2005.09.24"]
[EventType "team-tourn"]
[EventRounds "9"]
[EventCountry "GER"]
[SourceTitle "EXT 2006"]
[Source "ChessBase"]
[SourceDate "2005.11.24"]
[SourceVersion "1"]
[SourceVersionDate "2005.11.24"]
[SourceQuality "1"]
[WhiteTeam "Emsdetten Rochade II"]
[BlackTeam "Reckenfeld"]
[WhiteTeamCountry "GER"]
[BlackTeamCountry "GER"]

1. c4 f5 2. g3 Nf6 3. Bg2 g6 4. Nc3 Bg7 5. d3 0-0 6. e4 fxe4 7. dxe4 d6 8. Nge2 c5 9. 0-0 Nc6 10. h3 Be6 11. Nd5 Qd7 12. Nef4 Nd4 13. Nxe6 Nxe6 14. Be3 Rad8 15. Qd2 b5 16. cxb5 Qxb5 17. Nxe7+ Kh8 18. Rab1 Nc7 19. Bg5 Qd7 20. Nd5 Ncxd5 21. exd5 Rde8 22. Rfe1 Qf5 23. Bf4 Qd7 24. b4 Nh5 25. Be3 cxb4 26. Qxb4 Re7 27. Bd4 Ref7 28. Re2 Bxd4 29. Qxd4+ Kg8 30. Qe3 Ng7 31. Rc1 Re8 32. Qd2 Rfe7 33. Rxe7 Qxe7 34. Kf1 Qe5 35. Re1 Qxe1+ 36. Qxe1 Rxe1+ 37. Kxe1 Kf7 38. g4 Kf6 39. f4 g5 40. fxg5+ Kxg5 41. Ke2 h5 42. Kf3 a6 43. Bf1 a5 44. Bb5 hxg4+ 45. hxg4 Kf6 46. Kf4 Kg6 47. Bd7 Kf6 48. a4 Kg6 49. Ke4 Kf6 50. Kd4 Ke7 51. Bc6 Kd8 52. Kc4 Kc7 53. Kb5 1-0

[Event "Steinfurt Bezirksliga 0405"]
[Site "Germany"]
[Date "2004.12.11"]
[Round "4.2"]
[White "Pohlmeier, Ulrich"]
[Black "Goihl, Herbert"]
[Result "1-0"]
[WhiteElo "1616"]
[BlackElo "1728"]
[PlyCount "47"]
[EventDate "2004.09.25"]
[EventType "team-tourn"]
[EventRounds "11"]
[EventCountry "GER"]
[SourceTitle "EXT 2006"]
[Source "ChessBase"]
[SourceDate "2005.11.24"]
[SourceVersion "1"]
[SourceVersionDate "2005.11.24"]
[SourceQuality "1"]
[WhiteTeam "Rheine Klein Berlin II"]
[BlackTeam "Emsdetten Rochade II"]
[WhiteTeamCountry "GER"]
[BlackTeamCountry "GER"]

1. e4 c5 2. c3 d5 3. exd5 Qxd5 4. Nf3 Nf6 5. Be2 Bg4 6. 0-0 e6 7. Re1 Be7 8. d3 Nc6 9. Be3 0-0 10. Qc2 Rac8 11. Nbd2 Rfd8 12. b3 Bf5 13. Rad1 Bxd3 14. Bxd3 Qxd3 15. Qc1 Qf5 16. Nf1 Nd5 17. Ng3 Qg6 18. h3 Nxe3 19. Qxe3 b6 20. Ne5 Nxe5 21. Qxe5 Bf6 22. Rxd8+ Bxd8 23. Qd6 Qf6 24. Qd7 1-0

[Event "Muensterland Verbandsklasse-B 0304"]
[Site "Germany"]
[Date "2004.03.06"]
[Round "7.3"]
[White "Goihl, Herbert"]
[Black "Koetting, Hans Erich"]
[Result "1/2-1/2"]
[WhiteElo "1753"]
[BlackElo "1905"]
[PlyCount "81"]
[EventDate "2003.09.20"]
[EventType "team-tourn"]
[EventRounds "9"]
[EventCountry "GER"]
[SourceTitle "EXT 2005"]
[Source "ChessBase"]
[SourceDate "2004.11.15"]
[SourceVersion "1"]
[SourceVersionDate "2004.11.15"]
[SourceQuality "1"]
[WhiteTeam "Emsdetten Rochade II"]
[BlackTeam "Duelmen"]
[WhiteTeamCountry "GER"]
[BlackTeamCountry "GER"]

1. c4 Nf6 2. g3 c6 3. Bg2 d5 4. Nf3 Nbd7 5. Qc2 e6 6. 0-0 Bd6 7. d4 b6 8. b3 Bb7 9. Bb2 Rc8 10. Nbd2 0-0 11. e4 dxe4 12. Nxe4 Nxe4 13. Qxe4 Nf6 14. Qe2 c5 15. Rad1 Qe7 16. dxc5 Bxc5 17. Bxf6 Qxf6 18. Ne5 Bxg2 19. Kxg2 Rfd8 20. Nd7 Qe7 21. Nxc5 Qxc5 22. Rd2 Kf8 23. Rfd1 Qc7 24. Qe4 g6 25. Qh4 Rxd2 26. Rxd2 h5 27. Qf6 Ke8 28. Kf3 Qc5 29. Ke2 Qc6 30. Qe5 Ke7 31. Qg5+ Ke8 32. Qh4 Qc7 33. Qd4 Ke7 34. Rd3 a5 35. Qb2 Qc5 36. Qd2 Rc7 37. Qf4 Rc8 38. Qd2 Rc7 39. Rd8 Qc6 40. Rd3 Rd7 41. Ke3 1/2-1/2

[Event "Muensterland Verbandsklasse-B 0304"]
[Site "Germany"]
[Date "2004.02.14"]
[Round "6.3"]
[White "Zachej, Arne"]
[Black "Goihl, Herbert"]
[Result "1-0"]
[WhiteElo "1828"]
[BlackElo "1753"]
[PlyCount "49"]
[EventDate "2003.09.20"]
[EventType "team-tourn"]
[EventRounds "9"]
[EventCountry "GER"]
[SourceTitle "EXT 2005"]
[Source "ChessBase"]
[SourceDate "2004.11.15"]
[SourceVersion "1"]
[SourceVersionDate "2004.11.15"]
[SourceQuality "1"]
[WhiteTeam "Metelen"]
[BlackTeam "Emsdetten Rochade II"]
[WhiteTeamCountry "GER"]
[BlackTeamCountry "GER"]

1. d4 Nf6 2. c4 e6 3. Nf3 b6 4. g3 Ba6 5. b3 Bb4+ 6. Bd2 Be7 7. Bg2 Bb7 8. 0-0 c6 9. Nc3 d5 10. Qc2 Nbd7 11. cxd5 cxd5 12. Bf4 Rc8 13. Qd3 a6 14. Ne5 0-0 15. Bf3 Ba3 16. Rab1 Qe7 17. Nxd7 Qxd7 18. Na4 Rc6 19. b4 Bxb4 20. Rxb4 a5 21. Rxb6 Rxb6 22. Nxb6 Qc6 23. Qb3 Ne4 24. Rc1 a4 25. Qb4 1-0

[Event "Muensterland Verbandsklasse-B 0304"]
[Site "Germany"]
[Date "2004.01.17"]
[Round "5.3"]
[White "Grund, Wolfgang"]
[Black "Goihl, Herbert"]
[Result "1-0"]
[WhiteElo "1876"]
[BlackElo "1753"]
[PlyCount "69"]
[EventDate "2003.09.20"]
[EventType "team-tourn"]
[EventRounds "9"]
[EventCountry "GER"]
[SourceTitle "EXT 2005"]
[Source "ChessBase"]
[SourceDate "2004.11.15"]
[SourceVersion "1"]
[SourceVersionDate "2004.11.15"]
[SourceQuality "1"]
[WhiteTeam "Luedinghausen"]
[BlackTeam "Emsdetten Rochade II"]
[WhiteTeamCountry "GER"]
[BlackTeamCountry "GER"]

1. e4 c5 2. Nf3 d6 3. Bc4 e6 4. c3 Nf6 5. 0-0 Nc6 6. d3 Be7 7. Bf4 0-0 8. Nbd2 d5 9. Bb5 Nh5 10. Bg3 Nxg3 11. hxg3 Qc7 12. Qe2 dxe4 13. dxe4 Rd8 14. Rad1 a6 15. Bd3 b5 16. e5 Bb7 17. Kh2 Rd7 18. Rh1 Rad8 19. Bb1 Na5 20. Rde1 Bd5 21. b3 c4 22. b4 Nc6 23. Qe3 f5 24. exf6 Bxf6 25. Kg1 g6 26. Ne4 Bh8 27. Nc5 Re7 28. Nxa6 Qa7 29. Nc5 Qa3 30. Rc1 e5 31. Ne4 Qa7 32. Qh6 Rf8 33. Rd1 Rd7 34. Nc5 Rd6 35. Ng5 1-0

[Event "Muensterland Verbandsklasse-A 0203"]
[Site "Muensterland"]
[Date "2003.04.05"]
[Round "8.8"]
[White "Radek, Dieter"]
[Black "Goihl, Herbert"]
[Result "0-1"]
[WhiteElo "1900"]
[BlackElo "1659"]
[PlyCount "84"]
[EventDate "2002.09.28"]
[EventType "team-tourn"]
[EventRounds "9"]
[EventCountry "GER"]
[SourceTitle "EXT 2004"]
[Source "ChessBase"]
[SourceDate "2003.11.25"]
[SourceVersion "1"]
[SourceVersionDate "2003.11.25"]
[SourceQuality "1"]
[WhiteTeam "Sendenhorst"]
[BlackTeam "Emsdetten Turm III"]
[WhiteTeamCountry "GER"]
[BlackTeamCountry "GER"]

1. e4 c5 2. Nf3 d6 3. d4 cxd4 4. Nxd4 Nf6 5. Nc3 a6 6. Be2 e5 7. Nb3 Be7 8. Be3 Be6 9. 0-0 0-0 10. f4 Qc7 11. Qd2 Nbd7 12. Rad1 Rac8 13. Kh1 b5 14. a3 Nb6 15. Qe1 Nc4 16. Bc1 Nxa3 17. Bd3 Nxc2 18. Bxc2 b4 19. Bd2 bxc3 20. Bxc3 Rb8 21. Nd2 Rfc8 22. fxe5 dxe5 23. Nf3 Nd7 24. Bd3 Ra8 25. Ra1 Nc5 26. Nxe5 f6 27. Rf3 fxe5 28. Qg3 Nxd3 29. Rxd3 Bf6 30. Rf1 Kh8 31. Rdf3 Qe7 32. h3 a5 33. Bxe5 Bxe5 34. Qxe5 Re8 35. Ra3 Bc4 36. Qxe7 Rxe7 37. Rc1 Rxe4 38. Ra4 Bd5 39. Ra3 Re2 40. Rg3 Rxb2 41. Rc7 g6 42. h4 Rb4 0-1